| 000 | 00335nam a22001337a 4500 | ||
|---|---|---|---|
| 020 | _a0071134492 | ||
| 040 | _cNust | ||
| 082 |
_a620.106 _bLIG |
||
| 100 |
_aJames A. Liggett _9125913 |
||
| 245 | _aFluid Mechanics | ||
| 260 |
_aNew York: _bMcGraw -Hill International Edition, _c1994. |
||
| 650 | _aFluid Mechanics | ||
| 942 |
_2ddc _cBK |
||
| 999 |
_c611577 _d611577 |
||